000 00826cam a22003017a 4500
003 CHAP
005 20220817041251.0
008 971013s1992 r 00010 d
010 _a9949
011 _a10921
035 _a10159
040 _cCHAP
082 _a639.2
_bF53f
110 _aFAO
245 1 3 _aLa pêche áa la palangre
260 _aRome :
_bFAO,
_c1992
300 _a81 p.
_b: ilus
490 0 _aFAO. Capacitación
_v; 22
590 _aBATCH-UPD
_b10
_c20130110
_lUCH01
_h1055
590 _aBATCH-UPD
_b10
_c20130410
_lUCH01
_h0650
590 _aBATCH-UPD
_b10
_c20130914
_lUCH01
_h1643
590 _aCONVERSION
_b10
_c20130109
_lUCH01
_h1306
650 1 4 _aPesca.
830 0 _aFAO. Capacitación
_v; 22
_939463
901 _aBK
942 _cLIBRO
949 _a639.2 F53f
_bBC
_cFAO
_d-21557
_eFAO1
_h86435
_i10159
_si
999 _c9949
_d9949